00507 2200193 4500001002100000005001700021008004100038020001800079035002500097090001500122100001900137245004100156250001100197260003300208300002300241650002200264850001200286990001500298YOGYA-0209000004767320150706092637.0 ind  a979-407-279-9 a0010-020900000047673 a813bTob M aTOBING, Alex L aMekar karena memarc/ Alex L. Tobing aCet. 5 aJakartabBalai Pustakac1990 a151 hlm. ;c21 cm. aFiksi - Indonesia aYOPDYOG a57378-P/95